| 000 | 00565cam a2200193 a 4500 | ||
|---|---|---|---|
| 001 | 000012439 | ||
| 005 | 20200929163025.0 | ||
| 008 | 930812s1973 mx 001 0 spa | ||
| 040 |
_aDO-SdBNP _bspa _cLC _dBNPHU |
||
| 082 |
_a370.9 _bL334h, 1973 |
||
| 100 | 1 |
_aLarroyo, Francisco, _d1908- _929147 |
|
| 245 | 1 | 0 |
_aHistoria general de la pedagogía / _cFrancisco Larroyo. |
| 250 | _a2a ed. | ||
| 260 |
_aMéxico, D. F. : _bPorrúa, _c1973. |
||
| 300 |
_a631 p. ; _c24 cm. |
||
| 650 | 4 |
_aEducacion _xHistoria _97857 |
|
| 910 | _aCatalogación derivada | ||
| 049 | _aBNGR | ||
| 999 |
_c12096 _d12096 |
||